000
00218 a2200097 4500
001
47969
100
_a
Khan Nazir
245
_a
Common wealth of Muslim state
260
_a
Karachi
_b
Ferozsons
_c
090
_c
30960
_d
30960
942
_a
NUST-CAE
_c
M
_c
23292
999
_c
283042
_d
283042